| 000 | 00967nam a2200301 i 4500 | ||
|---|---|---|---|
| 001 | bg | ||
| 003 | BPK | ||
| 005 | 20190927102136.0 | ||
| 008 | s1995 pl f f |000 0 pol | ||
| 020 | _a8301119535 (całość) | ||
| 040 | _cBPK | ||
| 041 | 0 | _apl | |
| 080 | _a621.3 | ||
| 080 | _a537.8 | ||
| 080 | _a(075.8) | ||
| 100 | 1 |
_aKrakowski, Maciej _d(1924-2004). |
|
| 245 | 1 | 0 |
_aElektrotechnika teoretyczna. _n2, _pPole elektromagnetyczne / _cMaciej Krakowski. |
| 246 | 3 | 0 | _aPole elektromagnetyczne |
| 250 | _aWyd. 5 popr. | ||
| 260 |
_aWarszawa : _bWydaw. Naukowe PWN, _c1995. |
||
| 300 |
_a297 s. : _brys., wykr. ; _c24 cm. |
||
| 504 | _aBibliogr. s. 293-294. - Indeks. | ||
| 655 | 4 | _aPodręczniki akademickie | |
| 650 | 4 | _aPole elektromagnetyczne | |
| 710 | 2 |
_aWydawnictwo Naukowe PWN _4pbl. |
|
| 856 |
_uhttp://koha.tu.koszalin.pl/cgi-bin/koha/opac-detail.pl?biblionumber=25032 _yKatalog online BPK |
||
| 942 |
_cKS _2UKD |
||
| 999 |
_c25032 _d25032 |
||